000 00375nam a2200121Ia 4500
008 170221s9999 xx 000 0 und d
245 _aINDIVIDUALISM VERSUS COLLECTIVISM IN ECONOMIC ORGANIZATIONS FROM SOUTH-WEST OLTENIA REGION
260 _bManagement & Marketing
260 _c2016
300 _a15 : 2
650 _xMarketing.
856 _uhttp://www.mnmk.ro/en/nrcrt.php
999 _c312098
_d312098